|
|
|
|
| LEADER |
00000nam0a2200000 4500 |
| 001 |
307427 |
| 005 |
20231102002007.0 |
| 035 |
|
|
|a (RuTPU)RU\TPU\book\332720
|
| 090 |
|
|
|a 307427
|
| 100 |
|
|
|a 20151020d1981 k y0rusy50 ca
|
| 101 |
0 |
|
|a rus
|
| 102 |
|
|
|a UA
|
| 105 |
|
|
|a y dm 001zy
|
| 200 |
1 |
|
|a Угловые распределения нейтронов и гамма-квантов, сопровождающих образование и разрядку высоковозбужденных состояний атомных ядер в реакциях с нейтронами Eo =14,6 МэВ
|e автореферат диссертации на соискание ученой степени кандидата физико-математических наук
|e спец. 01.04.16
|f А. П. Дегтярев
|g Академия наук Украинской ССР (АН УССР), Институт ядерных исследований (ИЯИ) ; науч. рук. Г, А, Прокопец
|
| 210 |
|
|
|a Киев
|c [Б. и.]
|d 1981
|
| 215 |
|
|
|a 17 с.
|
| 300 |
|
|
|a Защита сост. 10.12.1981 г.
|
| 320 |
|
|
|a Библиогр.: с. 15-17 (8 назв.)
|
| 606 |
1 |
|
|a Нейтроны
|x Взаимодействие с ядрами
|2 stltpush
|3 (RuTPU)RU\TPU\subj\45281
|9 64533
|
| 610 |
1 |
|
|a гамма-кванты
|
| 610 |
1 |
|
|a угловые распределения
|
| 610 |
1 |
|
|a спектры
|
| 610 |
1 |
|
|a измерение
|
| 610 |
1 |
|
|a энергетические распределения
|
| 610 |
1 |
|
|a вторичные нейтроны
|
| 610 |
1 |
|
|a авторефераты диссертаций
|
| 675 |
|
|
|a 539.172.4(04)
|v 4
|
| 686 |
|
|
|a 01.04.16
|2 oksvnk
|
| 700 |
|
1 |
|a Дегтярев
|b А. П.
|g Александр Павлович
|
| 702 |
|
1 |
|a Прокопец
|b Г, А,
|4 727
|
| 712 |
0 |
2 |
|a Академия наук Украинской ССР (АН УССР)
|b Институт ядерных исследований (ИЯИ)
|c (Киев)
|2 stltpush
|3 (RuTPU)RU\TPU\col\11795
|
| 801 |
|
1 |
|a RU
|b 63413507
|c 20151020
|
| 801 |
|
2 |
|a RU
|b 63413507
|c 20161011
|g RCR
|
| 942 |
|
|
|c BK
|